| 000 | | | 03799nac2a22002413x 450 |
| 001 | | | 33ac1a3b-ec35-4bed-bd44-4eb7ff7f0307 |
| 005 | | | 20190304140043.0 |
| 100 | ## | $a | 20190110l 1919k y0rusy50 ca |
| 101 | 0# | $a | rus |
| 102 | ## | $a | RU |
| 105 | ## | $a | y z ||||| |
| 200 | 1# | $a | Постановления совета министров, протоколы междуведомственного совещания об учреждении в составе МВД юрисконсультского отдела и др. |
| | $j | 06 ноября 1918 - 06 июня 1919 |
| 215 | ## | $a | 39 листов |
| 251 | ## | $c | Дело |
| 300 | ## | $a | Машинописный и рукописный текст |
| 461 | #0 | $1 | 0010f0e3429-2e37-4fb4-ace0-6332d350a692 |
| | $1 | 2001 |
| | $a | Министерство внутренних дел Российского правительства. Омск |
| | $1 | 251 |
| | $c | Фонд |
| | $1 | 852 |
| | $j | 1700 |
| | $g | Р |
| 462 | #0 | $1 | 001ae790ebe-5e57-4246-b847-45ced1f0c984 |
| | $1 | 2001 |
| | $a | Юридический Отдел. 1918-1919 г. |
| | $v | Д. 1 |
| | $1 | 251 |
| | $c | Опись |
| | $1 | 852 |
| | $j | 4 |
| 601 | 02 | $3 | RU\NLR\AUTH\889929389 |
| | $a | Временное Сибирское правительство |
| | $b | Совет Министров |
| 601 | 02 | $3 | RU\NLR\AUTH\8810247804 |
| | $a | Временное Сибирское правительство |
| | $b | Министерство внутренних дел |
| 601 | 02 | $a | Временное Сибирское правительство. Министерство внутренних дел. Юрисконсультский отдел |
| 801 | #0 | $a | RU |
| | $b | GA_RF |
| 801 | #1 | $a | RU |
| | $b | ГлавНИВЦ |
| | $c | 20190110 |
| | $2 | rusmarc |
| 801 | #2 | $a | RU |
| | $b | ПБ им. Б.Н. Ельцина |
| | $c | 20190304 |
| | $g | RCR |
| | $2 | rusmarc |
| 852 | ## | $a | ГА РФ |
| | $j | 1 |
| 937 | ## | $d | 126631329 |
| | $h | ПБ |
| 035 | ## | $a | RuPRLIB51055182 |
| 856 | ## | $u | http://readingroom.main.prlib.ru/item.aspx?id_node=n126631329&mode=full |